Administración financiera (Registro nro. 14490)

Detalles MARC
000 -CABECERA
Longitud fija campo de control 00704nam a2200229 a 4500
003 - IDENTIFICADOR DELl NÚMERO DE CONTROL
Identificador del número de control OSt
005 - FECHA Y HORA DE LA ÚLTIMA TRANSACCIÓN
Fecha y hora de la última transacción 20141020163124.0
008 - CÓDIGOS DE INFORMACIÓN DE LONGITUD FIJA
Códigos de información de longitud fija 020226s1994 mex 001 0 spa d
020 ## - NÚMERO INTERNACIONAL NORMALIZADO PARA LIBROS
Número Internacional Normalizado para Libros (ISBN) 968-18-1272-7
040 ## - FUENTE DE LA CATALOGACIÓN
Centro transcriptor BMC
082 ## - NÚMERO DE LA CLASIFICACIÓN DECIMAL DEWEY
Númeroo de clasificación 658.15
100 1# - PUNTO DE ACCESO PRINCIPAL-NOMBRE DE PERSONA
Nombre de persona Bolten, Steven E.‏
9 (RLIN) 26446
245 10 - MENCIÓN DE TÍTULO
Título Administración financiera
Mención de responsabilidad, etc. Steven E. Bolten ; [traducción, Ricardo Calvet Pérez]
250 ## - MENCIÓN DE EDICIÓN
Mención de edición 6ª reimp.
260 ## - PUBLICACIÓN, DISTRIBUCIÓN, ETC. (PIE DE IMPRENTA)
Lugar de publicación, distribución, etc. México D.F. [etc.]
Nombre del editor, distribuidor, etc. Limusa
Fecha de publicación, distribución, etc. cop. 1994
300 ## - DESCRIPCIÓN FÍSICA
Extensión 895 p.
Dimensiones 25 cm
490 ## - MENCIÓN DE SERIE
Mención de serie Administración
595 ## - NOTA DE EDICIÓN E HISTORIA BIBLIOGRÁFICA
Nota de edición e historia bibliográfica Traducción de: Managerial finance, principles and practice
650 24 - PUNTO DE ACCESO ADICIONAL DE MATERIA - TÉRMINO DE MATERIA
Término de materia o nombre geográfico como elemento inicial Empresas
Subdivisión de materia general Finanzas
9 (RLIN) 5713
700 1# - PUNTO DE ACCESO ADICIONAL - NOMBRE DE PERSONA
9 (RLIN) 5028
Nombre de persona Calvet Pérez, Ricardo
942 ## - ENTRADA DE ELEMENTOS AGREGADOS (KOHA)
Fuente de clasificaión o esquema Dewey Decimal Classification
Koha [por defecto] tipo de item 1- Monografias
Existencias
Suprimido Perdido Fuente de clasificación o esquema Estropeado Restricciones de uso No para préstamo Código de colección Localización permanente Localización actual Localización en estanter&íacute;as Fecha adquisición Fuente de adquisición Número de inventario Préstamos totales Signatura completa Código de barras Fecha última consulta Fecha último préstamo Fecha del precio de reemplazo Tipo de item de Koha
NULL NULL Dewey Decimal Classification NULL Prestable NULL NULL Biblioteca Miguel de Cervantes - UNICAES Biblioteca Miguel de Cervantes - UNICAES Sala Principal 03/06/2002 Donación - Facultad de Ciencias Empresariales 022912 7 658.15 BOL adm 1023370 27/05/2019 24/05/2019 10/10/2014 1- Monografias
NULL NULL Dewey Decimal Classification NULL Prestable NULL NULL Biblioteca Miguel de Cervantes - UNICAES Biblioteca Miguel de Cervantes - UNICAES Sala Principal 03/06/2002 Donación - Facultad de Ciencias Empresariales 022913 1 658.15 BOL adm 1023371 10/02/2017 10/02/2017 10/10/2014 1- Monografias